000 00477nam a2200157Ia 4500
008 090711s9999 xx 000 0 und d
082 _b35308
100 _aबोरकर कमलाकर
245 _aसाक्षात्कार
260 _c1976
600 _aबोरकर कमलाकर
630 _aसाक्षात्कार
700 _aबोरकर कमलाकर
730 _aसाक्षात्कार
942 _cBOOK
999 _c306102
_d306102